Solar Power Satellites (Record no. 232698)
[ view plain ]
| 000 -LEADER | |
|---|---|
| fixed length control field | 00411 a2200169 4500 |
| 003 - CONTROL NUMBER IDENTIFIER | |
| control field | OSt |
| 005 - DATE AND TIME OF LATEST TRANSACTION | |
| control field | 20170222154607.0 |
| 008 - FIXED-LENGTH DATA ELEMENTS--GENERAL INFORMATION | |
| fixed length control field | 160819b xxu||||| |||| 00| 0 eng d |
| 020 ## - INTERNATIONAL STANDARD BOOK NUMBER | |
| International Standard Book Number | 0 |
| 040 ## - CATALOGING SOURCE | |
| Transcribing agency | 0 |
| 082 ## - DEWEY DECIMAL CLASSIFICATION NUMBER | |
| Classification number | 333.79 GIB 1998 |
| 100 ## - MAIN ENTRY--PERSONAL NAME | |
| Personal name | Gibbons John H. |
| 245 ## - TITLE STATEMENT | |
| Title | Solar Power Satellites |
| Statement of responsibility, etc. | John H. Gibbons |
| 300 ## - PHYSICAL DESCRIPTION | |
| Extent | 288 p. |
| Other physical details | PB |
| 440 ## - SERIES STATEMENT/ADDED ENTRY--TITLE | |
| Title | Solar Power Satellites |
| 942 ## - ADDED ENTRY ELEMENTS (KOHA) | |
| Koha item type | Book |
| Call number prefix | 333.79 GIB |
| Source of classification or shelving scheme | |
| Withdrawn status | Lost status | Source of classification or shelving scheme | Damaged status | Not for loan | Collection code | Permanent Location | Current Location | Shelving location | Date acquired | Total Checkouts | Full call number | Barcode | Date last seen | Price effective from | Koha item type |
|---|---|---|---|---|---|---|---|---|---|---|---|---|---|---|---|
| Central Library (CL) | Central Library (CL) | General Stacks | 02/22/2017 | 333.79 GIB 1998 | S3H-N-1021 | 02/22/2017 | 02/22/2017 | Book |
